Tumbaniebla /

Guardado en:
Detalles Bibliográficos
Autor principal: Bueno, Beatriz (autor)
Otros autores: Monsiváis, Carlos (prólogo) (prólogo), Pitol, Sergio (introducción) (introducción)
Formato: Libro
Idioma:Español
Publicado: México : Letras Vivas, 2005, c2005
Colección:(Los Otros Poetas de la Banda Eriza)
Temas:
Etiquetas: Agrega una etiqueta
Sin etiquetas, Sé el primero en etiquetar este registro!

MARC

LEADER 00000nam^a2200000^a^4500
001 000411220
005 20250521000000.0
009 20260310122106.612
020 |a 968-7888-47-4 
037 |a Acervo ITESO - Biblioteca 
041 |a ESP 
082 |a 861.  |b BUE 
100 |a Bueno, Beatriz  |e (autor) 
245 1 0 |a Tumbaniebla /  |c B. Bueno ; pról. de C. Monsiváis ; introd. de S. Pitol. 
264 4 |a México :  |b Letras Vivas,  |c 2005, c2005 
300 |a 115 p. 
336 |a texto  |b txt  |2 rdacontenido 
337 |a sin mediación  |b n  |2 rdamedio 
338 |a volumen  |b nc  |2 rdasoporte 
440 5 |a (Los Otros Poetas de la Banda Eriza) 
649 |a XX 
650 |a Poesía Mexicana 
650 |a Literatura Mexicana -  |y Siglo XXI 
650 |a Literatura de Mujeres -  |z México 
700 |a Monsiváis, Carlos  |e (prólogo) 
700 |a Pitol, Sergio  |e (introducción) 
910 |a Fondo General 
920 |a Impresos - Libros 
930 |a Colección General 
940 |a Literatura 
905 |a 101 
901 |a 0500319736  |b IT1  |c LIT  |i D106409  |u 20250521 
901 |a 0500320613  |b IT1  |c LIT  |i D107495  |u 20250521 
902 |a https://opac.biblio.iteso.mx/vufind/Record/000411220